000 00624nam a2200241Ia 4500
003 OSt
005 20220918204001.0
006 a|||||r|||| 00| 0
007 ta
008 220917b |||||||| |||| 00| 0 eng d
024 _a110,497
037 _cTextual
040 _aARTS
_cARTS
_beng
041 _2eng
_aeng
082 _aV5:4:N3, H0.1-H0.2
100 _aFuller
_9106550
245 0 _aDecisive battles
_b their influenceupon history and civilisation
260 _c1940
300 _a2 v
_ccm.
650 _aHISTORY
942 _hV5:4:N3, H0.1-H0.2
_cTEXL
_2CC
999 _c233847
_d233847